Statistics for Houston Rockets 40 Point Games

Click here to take the quiz!

General Stats

  • This quiz has been taken 56 times
    (25 since last reset)
  • The average score is 13 of 29

Answer Stats

Player Max Nb % Correct
James Harden6196
100%
Hakeem Olajuwon5232
100%
Yao Ming412
85%
Clyde Drexler434
80%
Tracy McGrady4815
75%
Calvin Murphy577
70%
Charles Barkley431
65%
Eric Gordon501
65%
Russell Westbrook454
65%
Rudy Tomjanovich423
60%
Kenny Smith411
60%
Steve Francis441
60%
Ralph Sampson434
55%
Moses Malone5322
55%
Robert Horry401
45%
Kevin Martin452
45%
Elvin Hayes5426
45%
Otis Thorpe401
35%
Aaron Brooks431
35%
Cuttino Mobley413
35%
Luis Scola441
35%
Vernon Maxwell512
25%
Allen Leavell421
20%
Don Kojis401
10%
Sleepy Floyd401
10%
Mike Dunleavy481
5%
Stu Lantz431
0%
Hank Finkel421
0%
Jim Barnett421
0%

Score Distribution

Percentile by Number Answered

Percent of People with Each Score

Your Score History

You have not taken this quiz since the last reset